ARRUPE JESUIT UNIVERSITY

CORONAVIRUS -STOP THE SPREAD - CLEAN,DISINFECT,COVER

The Idea of liberty and the plurality of values in the thought of Isaiah Berlin (Record no. 122625)

MARC details
000 -LEADER
fixed length control field 00546nam a22001457a 4500
008 - FIXED-LENGTH DATA ELEMENTS--GENERAL INFORMATION
fixed length control field 150409b xxu||||| |||| 00| 0 eng d
050 ## - LIBRARY OF CONGRESS CALL NUMBER
Classification number JC257.B4N576
100 ## - MAIN ENTRY--PERSONAL NAME
Personal name Ng'ang'a, Augustine Kiarie.
9 (RLIN) 17067
245 ## - TITLE STATEMENT
Title The Idea of liberty and the plurality of values in the thought of Isaiah Berlin
Statement of responsibility, etc / Ng'ang'a Augustine Kiare
260 ## - PUBLICATION, DISTRIBUTION, ETC. (IMPRINT)
Place of publication, distribution, etc Roma
Date of publication, distribution, etc 2007
Name of publisher, distributor, etc Pontificia Universitas Urbaniana, Facolta di Filosofia
300 ## - PHYSICAL DESCRIPTION
Extent 160p. ;
Dimensions 25cm.
500 ## - GENERAL NOTE
General note Thesis
650 ## - SUBJECT ADDED ENTRY--TOPICAL TERM
Topical term or geographic name as entry element Berlin Isiah
General subdivision Political philosophy
9 (RLIN) 17068
942 ## - ADDED ENTRY ELEMENTS (KOHA)
Source of classification or shelving scheme Library of Congress Classification
Item type Monograph ( Printed materials)
Holdings
Withdrawn status Lost status Source of classification or shelving scheme Damaged status Not for loan Collection code Home library Current library Shelving location Date acquired Total Checkouts Full call number Barcode Date last seen Price effective from Koha item type
    Library of Congress Classification     Main Collection ARRUPE LIBRARY ARRUPE LIBRARY Main Collection 09/04/2015   JC257.B4N576 46500002511 29/06/2018 09/04/2015 Monograph ( Printed materials)

 

Arrupe Library. PO Box MP320 Mt Pleasant, Harare, Zimbabwe
263 242 745411|librarian@aju.ac.zw